Planning and Compulsory Purchase Bill (Record no. 103340)

MARC details
000 -LEADER
fixed length control field 02327cam a2200301 4500
001 - CONTROL NUMBER
control field J125109
008 - FIXED-LENGTH DATA ELEMENTS--GENERAL INFORMATION
fixed length control field 040211n2003 000 0 eng u
035 ## - SYSTEM CONTROL NUMBER
System control number (Sirsi) u125109
041 ## - LANGUAGE CODE
Language code of text/sound track or separate title eng
245 ## - TITLE STATEMENT
Title Planning and Compulsory Purchase Bill
260 ## - PUBLICATION, DISTRIBUTION, ETC.
Place of publication, distribution, etc. London
Name of publisher, distributor, etc. United Kingdom Parliament
Date of publication, distribution, etc. 2003
520 ## - SUMMARY, ETC.
Summary, etc. Presents the full text of the Planning and Compulsory Purchase Bill as brought from the House of Commons on 10 December 2003. The Bill consists of nine parts: Part 1 concerns the development of regional spatial strategies for all regions but London; Part 2, provides for the preparation of local development documents; Part 3, updates the definition of development and imposes a duty of sustainable development on those with plan-making functions; Part 4 deals with development control; Part 5 introduces a slip rule allowing correction of specified types of error in decision letters; Part 6 reforms the Welsh development plan system, allowing the preparation of a spatial plan for Wales; Part 7 ends Crown immunity in the planning system in England and Wales and similar substantive provision for the Scottish planning acts; Part 8 deals with the compulsory acquisition of land with provisions for an improved compensation system; Part 9 covers miscellaneous and general issues. View this version and that as amended in committee in the HL on 5 February 2003 at www.publications.parliament.uk.
650 ## - SUBJECT ADDED ENTRY--TOPICAL TERM
Topical term or geographic name entry element Compulsory purchase
9 (RLIN) 6228
650 ## - SUBJECT ADDED ENTRY--TOPICAL TERM
Topical term or geographic name entry element CROWN IMMUNITY
650 ## - SUBJECT ADDED ENTRY--TOPICAL TERM
Topical term or geographic name entry element LOCAL DEVELOPMENT ORDERS
650 ## - SUBJECT ADDED ENTRY--TOPICAL TERM
Topical term or geographic name entry element LOCAL DEVELOPMENT SCHEMES
650 ## - SUBJECT ADDED ENTRY--TOPICAL TERM
Topical term or geographic name entry element MINERALS AND WASTE DEVELOPMENT SCHEMES
650 ## - SUBJECT ADDED ENTRY--TOPICAL TERM
Topical term or geographic name entry element PLANNING AND COMPULSORY PURCHASE ACT 2004
650 ## - SUBJECT ADDED ENTRY--TOPICAL TERM
Topical term or geographic name entry element PLANNING AUTHORITIES
650 ## - SUBJECT ADDED ENTRY--TOPICAL TERM
Topical term or geographic name entry element REGIONAL SPATIAL STRATEGIES
650 ## - SUBJECT ADDED ENTRY--TOPICAL TERM
Topical term or geographic name entry element SIMPLIFIED PLANNING ZONES
650 ## - SUBJECT ADDED ENTRY--TOPICAL TERM
Topical term or geographic name entry element SUSTAINABLE DEVELOPMENT
650 ## - SUBJECT ADDED ENTRY--TOPICAL TERM
Topical term or geographic name entry element URBAN DEVELOPMENT CORPORATIONS
690 ## - LOCAL SUBJECT ADDED ENTRY--TOPICAL TERM (OCLC, RLIN)
Topical term or geographic name as entry element PLANNING
856 ## - ELECTRONIC LOCATION AND ACCESS
Uniform Resource Identifier <a href="https://www.publications.parliament.uk/pa/ld200304/ldbills/010/2004010.htm">https://www.publications.parliament.uk/pa/ld200304/ldbills/010/2004010.htm</a>
Public note View the Bill, as bought from the House of Commons on 10 December 2003, on the UK Parliament website...
856 ## - ELECTRONIC LOCATION AND ACCESS
Uniform Resource Identifier <a href="https://www.publications.parliament.uk/pa/ld200304/ldbills/026/2004026.htm">https://www.publications.parliament.uk/pa/ld200304/ldbills/026/2004026.htm</a>
Public note View the Bill, as amended in Committee in the House of Lords on 5 February 2004, on the UK Parliament website...
942 ## - ADDED ENTRY ELEMENTS (KOHA)
Suppress in OPAC 0
Holdings
Withdrawn status Lost status Source of classification or shelving scheme Damaged status Not for loan Home library Current library Shelving location Date acquired Total Checkouts Full call number Barcode Date last seen Copy number Price effective from Koha item type
    Dewey Decimal Classification     Virtual Virtual Online 11/02/2004   ONLINE PUBLICATION 125109-1001 06/08/2019 1 06/08/2019 Book